[Event "Miguel Najdorf Memorial 2010 Torneo B"]
[Site "Warszawa POL"]
[Date "2010.07.21"]
[Round "6.3"]
[White "Jarmula, Pawel"]
[Black "Szewczyk, Mariusz"]
[Result "1/2-1/2"]
[WhiteElo "1971"]
[BlackElo "1743"]
[PlyCount "140"]
[EventDate "2010.07.17"]
[EventType "swiss"]
[EventRounds "9"]
[EventCountry "POL"]
[Source "lmi"]
[SourceDate "2010.07.17"]

1. e4 c5 2. Nf3 Nc6 3. Bb5 e6 4. O-O Nf6 5. Qe2 Be7 6. Bxc6 bxc6 7. c3 d5 8. e5
Nd7 9. d4 O-O 10. dxc5 Nxc5 11. Nd4 Ba6 12. Qg4 Kh8 13. Rd1 Qc7 14. f4 Ne4 15.
Nd2 c5 16. N4f3 Rad8 17. Re1 Bd3 18. Nxe4 Bxe4 19. Nd2 Bd3 20. Qf3 c4 21. Nf1
Bc5+ 22. Be3 Rb8 23. Qf2 Rfc8 24. Rad1 a5 25. g4 Qb6 26. Rd2 Rb7 27. h4 Rc6 28.
Bxc5 Rxc5 29. Ne3 Rb5 30. Nd1 Qxf2+ 31. Kxf2 a4 32. Ke3 Kg8 33. Rh1 Kf8 34.
Rhh2 Ke7 35. a3 Kd7 36. Rhf2 f6 37. Kd4 fxe5+ 38. fxe5 Ke8 39. Rf4 Rf7 40. Rxf7
Kxf7 41. Rf2+ Ke7 42. Ne3 Bg6 43. Ng2 Bb1 44. Nf4 g6 45. Ke3 Rb8 46. Nh3 h6 47.
Ng1 Be4 48. Kd4 Rb5 49. Nh3 Bb1 50. Rd2 Bd3 51. Nf2 Bf1 52. Nd1 Bd3 53. Rf2 Be4
54. Ke3 Rb8 55. Kd2 Rd8 56. Ke3 Rb8 57. Kd2 Bd3 58. Kc1 Rf8 59. Rxf8 Kxf8 60.
Nf2 Bf1 61. Kd2 Ke7 62. g5 h5 63. Nd1 Kd7 64. Ne3 Bd3 65. Ng2 Be4 66. Nf4 Bf5
67. Ke3 Kc7 68. Kd4 Kc6 69. Ne2 Bd3 70. Nc1 Bb1 1/2-1/2

[Event "Miguel Najdorf Memorial 2010 Torneo B"]
[Site "Warszawa POL"]
[Date "2010.07.21"]
[Round "6.4"]
[White "Puszkarek, Kamil"]
[Black "Skwarczylo, Marek"]
[Result "1/2-1/2"]
[WhiteElo "1770"]
[BlackElo "1964"]
[PlyCount "88"]
[EventDate "2010.07.17"]
[EventType "swiss"]
[EventRounds "9"]
[EventCountry "POL"]
[Source "lmi"]
[SourceDate "2010.07.17"]

1. e4 b6 2. c4 Bb7 3. Nc3 e6 4. d4 Nf6 5. Bd3 Bb4 6. Bg5 h6 7. Bxf6 Qxf6 8. Nf3
c5 9. O-O Bxc3 10. bxc3 d6 11. Bc2 O-O 12. Qd3 e5 13. Nd2 g5 14. d5 Qe7 15. Qh3
Kg7 16. g3 Bc8 17. Qg2 Bd7 18. a4 Na6 19. Rfb1 Nc7 20. a5 b5 21. Bd3 a6 22.
cxb5 axb5 23. c4 b4 24. Nb3 Na6 25. g4 Rh8 26. Be2 Qf6 27. h3 Kf8 28. Qf3 Qxf3
29. Bxf3 Ke7 30. Bg2 Nb8 31. Nd2 Bc8 32. Nf1 Nd7 33. Ne3 Nf8 34. Bf1 Ra6 35.
Rb2 Ng6 36. Kh2 Nf4 37. Kg3 h5 38. f3 Bd7 39. Nd1 f6 40. Rba2 Rha8 41. Kf2 h4
42. Ke3 Ng6 43. Nb2 Nh8 44. Nd3 Nf7 1/2-1/2

[Event "Miguel Najdorf Memorial 2010 Torneo B"]
[Site "Warszawa POL"]
[Date "2010.07.21"]
[Round "6.5"]
[White "Rozowski, Marcin"]
[Black "Blank, Kamil"]
[Result "1/2-1/2"]
[WhiteElo "1890"]
[BlackElo "1663"]
[PlyCount "72"]
[EventDate "2010.07.17"]
[EventType "swiss"]
[EventRounds "9"]
[EventCountry "POL"]
[Source "lmi"]
[SourceDate "2010.07.17"]

1. e4 c5 2. Nf3 d6 3. Bb5+ Bd7 4. Bxd7+ Nxd7 5. O-O Ngf6 6. Qe2 g6 7. c3 Bg7 8.
d4 O-O 9. Bg5 e5 10. dxe5 dxe5 11. Nbd2 Qc7 12. Nc4 b5 13. Bxf6 Bxf6 14. Ne3
Qb7 15. Nd5 Bg7 16. Rfd1 a6 17. Qe3 Rad8 18. Rd2 Nf6 19. Rad1 Nxd5 20. Rxd5 Qc7
21. Qg5 Rxd5 22. Rxd5 Re8 23. Qd2 c4 24. Rd7 Qc6 25. Qd5 Qxd5 26. Rxd5 Re6 27.
Rd8+ Bf8 28. Ng5 Rd6 29. Rxd6 Bxd6 30. Kf1 h6 31. Nf3 Kg7 32. Ke2 Kf6 33. Ne1
Bc5 34. Nc2 Kg5 35. Kf3 Kf6 36. Ne3 Bxe3 1/2-1/2

[Event "Miguel Najdorf Memorial 2010 Torneo B"]
[Site "Warszawa POL"]
[Date "2010.07.21"]
[Round "6.7"]
[White "Eggink, Mateusz"]
[Black "Smieszek, Wojciech"]
[Result "1-0"]
[WhiteElo "1833"]
[BlackElo "1652"]
[PlyCount "49"]
[EventDate "2010.07.17"]
[EventType "swiss"]
[EventRounds "9"]
[EventCountry "POL"]
[Source "lmi"]
[SourceDate "2010.07.17"]

1. e4 c5 2. Nf3 d6 3. d4 cxd4 4. Nxd4 Nf6 5. Nc3 g6 6. f4 Nc6 7. Nxc6 bxc6 8.
e5 dxe5 9. Qf3 Bd7 10. fxe5 Ng4 11. Bf4 Bg7 12. Bc4 Rf8 13. O-O Bxe5 14. Rae1
Bxf4 15. Qxf4 f5 16. h3 Nf6 17. Qe5 g5 18. Na4 g4 19. Nc5 gxh3 20. gxh3 Rf7 21.
Kh1 Rb8 22. Nxd7 Nxd7 23. Bxf7+ Kxf7 24. Qe6+ Kf8 25. Rd1 1-0

[Event "Miguel Najdorf Memorial 2010 Torneo B"]
[Site "Warszawa POL"]
[Date "2010.07.21"]
[Round "6.8"]
[White "Dobrowolski, Marcin"]
[Black "Kowalik, Pawel"]
[Result "1-0"]
[WhiteElo "1964"]
[BlackElo "1807"]
[PlyCount "103"]
[EventDate "2010.07.17"]
[EventType "swiss"]
[EventRounds "9"]
[EventCountry "POL"]
[Source "lmi"]
[SourceDate "2010.07.17"]

1. d4 Nf6 2. c4 e6 3. Nc3 Bb4 4. f3 Bxc3+ 5. bxc3 d5 6. cxd5 exd5 7. e3 Nh5 8.
Ne2 f5 9. Ba3 Kf7 10. Kf2 Re8 11. g3 b6 12. Qc2 g6 13. Nc1 Bb7 14. Nd3 Nd7 15.
c4 c6 16. cxd5 cxd5 17. Qb3 Qf6 18. Nb4 Qe6 19. Bb5 a6 20. Bxd7 Qxd7 21. Nd3
Qe6 22. Ne5+ Kg7 23. Rab1 b5 24. Rhc1 Rac8 25. Rc5 Nf6 26. Rbc1 Rxc5 27. Rxc5
Rc8 28. Qc3 Ne8 29. Rxc8 Qxc8 30. Qc5 Qxc5 31. dxc5 Kf6 32. c6 Bc8 33. Nd7+ Kf7
34. Ke2 a5 35. Bc5 b4 36. Kd3 Ba6+ 37. Kd4 Nc7 38. Bb6 Nb5+ 39. Kxd5 Nc3+ 40.
Kd6 a4 41. Nc5 Bc8 42. Kc7 Be6 43. Nxe6 Kxe6 44. Kb8 Nd5 45. Bc5 b3 46. axb3
axb3 47. Ba3 Ke5 48. c7 Nxc7 49. Kxc7 Kd5 50. Bb2 g5 51. g4 fxg4 52. e4+ 1-0

[Event "Miguel Najdorf Memorial 2010 Torneo B"]
[Site "Warszawa POL"]
[Date "2010.07.21"]
[Round "6.10"]
[White "Koziol, Pawel"]
[Black "Wolski, Jaroslaw"]
[Result "1-0"]
[WhiteElo "1815"]
[BlackElo "1946"]
[PlyCount "77"]
[EventDate "2010.07.17"]
[EventType "swiss"]
[EventRounds "9"]
[EventCountry "POL"]
[Source "lmi"]
[SourceDate "2010.07.17"]

1. Nf3 Nf6 2. g3 g6 3. Bg2 Bg7 4. O-O O-O 5. c4 d6 6. Nc3 Nc6 7. Rb1 e5 8. d3
h6 9. Bd2 Bg4 10. b4 Rb8 11. Ne1 Qd7 12. Nc2 Bh3 13. Ne3 Nd4 14. Ned5 Nxd5 15.
Nxd5 Bxg2 16. Kxg2 c6 17. Nc3 f5 18. e3 Ne6 19. f4 Kh7 20. Qa4 b5 21. cxb5 cxb5
22. Qb3 exf4 23. gxf4 g5 24. Qd5 Nc7 25. Qb3 gxf4 26. Rxf4 Rf6 27. Nd5 Qc6 28.
e4 Rg6+ 29. Kh1 Nxd5 30. exd5 Qb6 31. d4 Bxd4 32. Qd3 Be5 33. Be3 Qb7 34. Rxf5
Rbg8 35. Rbf1 R8g7 36. Bxh6 Rxh6 37. Rxe5+ Rhg6 38. Re6 Qd7 39. Rff6 1-0

[Event "Miguel Najdorf Memorial 2010 Torneo B"]
[Site "Warszawa POL"]
[Date "2010.07.21"]
[Round "6.11"]
[White "Borowicz, Miroslaw"]
[Black "Mietek, Lukasz"]
[Result "0-1"]
[WhiteElo "1785"]
[BlackElo "1939"]
[PlyCount "100"]
[EventDate "2010.07.17"]
[EventType "swiss"]
[EventRounds "9"]
[EventCountry "POL"]
[Source "lmi"]
[SourceDate "2010.07.17"]

1. d4 Nf6 2. c4 e6 3. Nc3 d5 4. Bg5 Be7 5. e3 O-O 6. Nf3 Nbd7 7. Bd3 dxc4 8.
Bxc4 c5 9. O-O cxd4 10. exd4 Nb6 11. Bd3 Bd7 12. Ne5 Be8 13. Re1 Rc8 14. Rc1
Bc6 15. Nxc6 Rxc6 16. Re3 g6 17. Bh6 Qxd4 18. Bxf8 Bxf8 19. Bb5 Rd6 20. Qxd4
Rxd4 21. Rd3 Rb4 22. b3 a6 23. Ba4 Nbd5 24. Nxd5 Nxd5 25. a3 Re4 26. f3 Re2 27.
Kf1 Ra2 28. b4 Bxb4 29. axb4 Rxa4 30. b5 axb5 31. Kf2 Ra2+ 32. Kg3 h5 33. h4
Kg7 34. Rb1 b4 35. Rxd5 exd5 36. Rxb4 Kf6 37. Rxb7 Ra6 38. Kf4 Ra4+ 39. Kg3 Ke6
40. Rb2 Kf5 41. Rd2 d4 42. Rd3 Ke5 43. f4+ Ke4 44. Rb3 Rc4 45. Rb7 d3 46. Re7+
Kd4 47. Rxf7 d2 48. Rd7+ Ke3 49. Rxd2 Kxd2 50. Kf3 Rc3+ 0-1

[Event "Miguel Najdorf Memorial 2010 Torneo B"]
[Site "Warszawa POL"]
[Date "2010.07.21"]
[Round "6.12"]
[White "Pastuszko, Kinga"]
[Black "Budzinski, Jan"]
[Result "0-1"]
[WhiteElo "1781"]
[BlackElo "1881"]
[PlyCount "56"]
[EventDate "2010.07.17"]
[EventType "swiss"]
[EventRounds "9"]
[EventCountry "POL"]
[Source "lmi"]
[SourceDate "2010.07.17"]

1. e4 c5 2. Nf3 e6 3. Nc3 Nc6 4. d4 cxd4 5. Nxd4 Qc7 6. Be3 a6 7. Bd3 Nf6 8.
O-O Ne5 9. h3 d6 10. f4 Nc4 11. Bxc4 Qxc4 12. Qd3 Qxd3 13. cxd3 b5 14. Rac1 Nd7
15. b4 g6 16. a4 bxa4 17. Nxa4 Be7 18. b5 e5 19. fxe5 dxe5 20. Nc6 axb5 21. Nc3
b4 22. Nd5 Bd6 23. Ncxb4 O-O 24. Nc6 Bb7 25. Nce7+ Kg7 26. Nc6 Ra2 27. Rf2 Rxf2
28. Bxf2 Rc8 0-1

[Event "Miguel Najdorf Memorial 2010 Torneo B"]
[Site "Warszawa POL"]
[Date "2010.07.21"]
[Round "6.13"]
[White "Wroblewski, Szymon"]
[Black "Jarmula, Lukasz"]
[Result "1/2-1/2"]
[WhiteElo "1847"]
[BlackElo "1801"]
[PlyCount "122"]
[EventDate "2010.07.17"]
[EventType "swiss"]
[EventRounds "9"]
[EventCountry "POL"]
[Source "lmi"]
[SourceDate "2010.07.17"]

1. e4 c5 2. Nf3 d6 3. d4 cxd4 4. Nxd4 Nf6 5. Nc3 a6 6. Be2 e5 7. Nb3 Be7 8. Bg5
Be6 9. O-O Nbd7 10. Kh1 Qc7 11. f4 O-O 12. f5 Bc4 13. Bxc4 Qxc4 14. Qf3 b5 15.
a3 Rfe8 16. Rad1 Rad8 17. Be3 d5 18. exd5 Bxa3 19. Na5 Qb4 20. Nc6 Qxb2 21. Bc1
Qa1 22. Nxd8 Rxd8 23. Nxb5 Bxc1 24. Rxc1 Qa5 25. Na7 e4 26. Qd1 Nb8 27. Qe1 Qb6
28. Nc6 Nxc6 29. dxc6 Qxc6 30. Rd1 Re8 31. Qa5 h6 32. Rd8 Rxd8 33. Qxd8+ Kh7
34. Qd2 Qb5 35. Re1 Qxf5 36. Qe2 Qe6 37. c4 Qc6 38. Kg1 Qc5+ 39. Kh1 a5 40. Rb1
a4 41. Ra1 a3 42. Qa2 Ng4 43. h3 Nf2+ 44. Kh2 Nd3 45. Qxa3 Qxc4 46. Qe7 Qd5 47.
Ra7 Ne5 48. Qc7 Nc6 49. Ra6 Nb4 50. Qd6 Qxd6+ 51. Rxd6 f5 52. g3 Nd3 53. Kg2 g5
54. Re6 Kg7 55. Kf1 Kf7 56. Rxh6 f4 57. gxf4 gxf4 58. Ra6 f3 59. Ra4 e3 60. Re4
e2+ 61. Rxe2 fxe2+ 1/2-1/2

[Event "Miguel Najdorf Memorial 2010 Torneo B"]
[Site "Warszawa POL"]
[Date "2010.07.22"]
[Round "7.1"]
[White "Grabara, Krzysztof"]
[Black "Eggink, Ryszard"]
[Result "0-1"]
[WhiteElo "1961"]
[BlackElo "1896"]
[PlyCount "102"]
[EventDate "2010.07.17"]
[EventType "swiss"]
[EventRounds "9"]
[EventCountry "POL"]
[Source "lmi"]
[SourceDate "2010.07.17"]

1. e4 e5 2. d4 exd4 3. Nf3 Nc6 4. Nxd4 Bc5 5. Nb3 Bb6 6. Nc3 Qf6 7. Qe2 Nge7 8.
Be3 O-O 9. O-O-O d6 10. h4 Be6 11. f3 Bc4 12. Qd2 Bxf1 13. Rdxf1 Ne5 14. Bg5
Qe6 15. f4 Nc4 16. Qe2 f6 17. f5 Nxf5 18. Nd5 c6 19. Rxf5 cxd5 20. Rxd5 fxg5
21. Qxc4 Rf4 22. hxg5 Rxe4 23. Qd3 Re1+ 24. Rxe1 Qxe1+ 25. Qd1 Be3+ 26. Kb1
Qxd1+ 27. Rxd1 Bxg5 28. Rxd6 Rd8 29. Rxd8+ Bxd8 30. c4 Kf7 31. Kc2 Kg6 32. Nd4
Bf6 33. Kd3 Bxd4 34. Kxd4 Kf6 35. Kd5 h5 36. Ke4 g5 37. c5 h4 38. Kf3 Kf5 39.
b4 g4+ 40. Kf2 Ke4 41. b5 Kd5 42. c6 bxc6 43. bxc6 Kxc6 44. Ke3 Kb5 45. Kf4 h3
46. gxh3 gxh3 47. Kg3 Ka4 48. Kxh3 Ka3 49. Kg3 Kxa2 50. Kf3 a5 51. Ke3 Kb2 0-1

[Event "Miguel Najdorf Memorial 2010 Torneo B"]
[Site "Warszawa POL"]
[Date "2010.07.22"]
[Round "7.2"]
[White "Eggink, Mateusz"]
[Black "Jarmula, Pawel"]
[Result "1-0"]
[WhiteElo "1833"]
[BlackElo "1971"]
[PlyCount "67"]
[EventDate "2010.07.17"]
[EventType "swiss"]
[EventRounds "9"]
[EventCountry "POL"]
[Source "lmi"]
[SourceDate "2010.07.17"]

1. e4 c6 2. Nf3 d5 3. Nc3 Bg4 4. h3 Bxf3 5. Qxf3 e6 6. d3 Nf6 7. Bd2 Be7 8. g4
Na6 9. O-O-O b5 10. exd5 b4 11. d6 bxc3 12. Qxc6+ Nd7 13. Bxc3 Bg5+ 14. Kb1 Qc8
15. Bg2 Qxc6 16. Bxc6 Rb8 17. Bxg7 Rg8 18. Bd4 Nb4 19. Be4 Nf6 20. Bg2 Nfd5 21.
c4 Nc6 22. Bc5 Nc3+ 23. Kc2 Nxd1 24. Bxc6+ Kd8 25. Bxa7 Rxb2+ 26. Kxd1 Rxa2 27.
Bb6+ Kc8 28. Rf1 Bd8 29. Bd4 f6 30. Bb5 f5 31. c5 fxg4 32. Bc4 Rg6 33. Bxa2
gxh3 34. Rh1 1-0

[Event "Miguel Najdorf Memorial 2010 Torneo B"]
[Site "Warszawa POL"]
[Date "2010.07.22"]
[Round "7.3"]
[White "Skwarczylo, Marek"]
[Black "Kowara, Magdalena"]
[Result "0-1"]
[WhiteElo "1964"]
[BlackElo "1833"]
[PlyCount "94"]
[EventDate "2010.07.17"]
[EventType "swiss"]
[EventRounds "9"]
[EventCountry "POL"]
[Source "lmi"]
[SourceDate "2010.07.17"]

1. d4 d5 2. Nf3 Nf6 3. c4 e6 4. Nc3 Nbd7 5. e3 c6 6. Qc2 Be7 7. cxd5 exd5 8.
Bd3 O-O 9. O-O Re8 10. Rb1 a5 11. a3 c5 12. Bb5 Qc7 13. dxc5 Qxc5 14. Qd3 Rd8
15. b3 Qc7 16. Bb2 Nc5 17. Qd1 Bg4 18. Be2 Qb6 19. Nb5 Ne6 20. Rc1 Rac8 21.
Rxc8 Rxc8 22. Bxf6 Bxf6 23. Qxd5 Rc5 24. Qd3 Bf5 25. Qd2 Rxb5 26. Bxb5 Qxb5 27.
b4 axb4 28. axb4 h6 29. Nd4 Nxd4 30. exd4 Be7 31. d5 Qxb4 32. Qe3 Bg6 33. Kh1
Bc5 34. Qe8+ Kh7 35. f3 Qc4 36. Rd1 Bd6 37. Qe3 Bc2 38. Qd4 Qxd4 39. Rxd4 Kg6
40. Rd2 Ba4 41. Rb2 b5 42. Kg1 Kf5 43. Kf2 Ke5 44. Rd2 b4 45. Ke3 Bc5+ 46. Ke2
Bb3 47. f4+ Kd6 0-1

[Event "Miguel Najdorf Memorial 2010 Torneo B"]
[Site "Warszawa POL"]
[Date "2010.07.22"]
[Round "7.4"]
[White "Ceglowski, Ryszard"]
[Black "Dobrowolski, Marcin"]
[Result "1-0"]
[WhiteElo "1864"]
[BlackElo "1964"]
[PlyCount "125"]
[EventDate "2010.07.17"]
[EventType "swiss"]
[EventRounds "9"]
[EventCountry "POL"]
[Source "lmi"]
[SourceDate "2010.07.17"]

1. c4 Nf6 2. Nc3 g6 3. g3 Bg7 4. Bg2 d6 5. Nf3 O-O 6. O-O e5 7. d3 h6 8. e4 Nc6
9. h3 g5 10. Ne1 Ne8 11. g4 Ne7 12. b4 Ng6 13. Ne2 a5 14. b5 Nf4 15. Nxf4 gxf4
16. Kh2 Kh7 17. a4 Bf6 18. Bf3 Ng7 19. Rb1 b6 20. Bb2 Rb8 21. Rh1 Ne6 22. Bg2
Rg8 23. Kg1 Nf8 24. Kf1 Ng6 25. Nf3 Nh4 26. Nxh4 Bxh4 27. Bf3 Be6 28. Qe2 Qe7
29. Rd1 f6 30. Qc2 Rgd8 31. d4 Rd7 32. Rc1 Rbd8 33. Kg2 Bf7 34. Rhd1 Bg6 35.
Qe2 Bf7 36. Qd3 Be6 37. Rd2 Qg7 38. Qe2 Rg8 39. Kh2 Qf8 40. Rdc2 Rdg7 41. c5 h5
42. cxb6 cxb6 43. Rc7 Qd8 44. Rxg7+ Rxg7 45. d5 hxg4 46. Bxg4 Bxg4 47. hxg4 Qg8
48. f3 Kg6 49. Kg2 Rh7 50. Rh1 Qc8 51. Qd2 Qc4 52. Ba3 Qxa4 53. Bxd6 Qxb5 54.
Ba3 Qb3 55. Bb2 a4 56. d6 Qb5 57. Ba3 Qd7 58. Qd5 Bg3 59. Qg8+ Rg7 60. Qh8 Kf7
61. Rh7 Rxh7 62. Qxh7+ Ke6 63. Qf5+ 1-0

[Event "Miguel Najdorf Memorial 2010 Torneo B"]
[Site "Warszawa POL"]
[Date "2010.07.22"]
[Round "7.5"]
[White "Wrabel, Antoni"]
[Black "Pietrzak, Wojciech"]
[Result "0-1"]
[WhiteElo "1825"]
[BlackElo "1949"]
[PlyCount "72"]
[EventDate "2010.07.17"]
[EventType "swiss"]
[EventRounds "9"]
[EventCountry "POL"]
[Source "lmi"]
[SourceDate "2010.07.17"]

1. e4 e5 2. Nf3 Nc6 3. Bb5 a6 4. Ba4 Nf6 5. Qe2 b5 6. Bb3 Be7 7. O-O O-O 8. c3
d6 9. a3 Na5 10. Ba2 c5 11. d3 Bb7 12. Nbd2 Rc8 13. b4 Nc6 14. Bb2 d5 15. Rfd1
cxb4 16. axb4 d4 17. cxd4 exd4 18. Nb3 Bxb4 19. Nbxd4 Nxd4 20. Nxd4 Bc3 21. Nf5
Qd7 22. Bxc3 Rxc3 23. Qd2 Rc6 24. Qg5 g6 25. Bd5 Nxd5 26. exd5 Rb6 27. Ne7+ Kg7
28. Re1 Rd6 29. Re3 f6 30. Qh4 Bxd5 31. Rae1 Bf7 32. Rh3 h5 33. Qf4 Re6 34.
Rxe6 Bxe6 35. Nxg6 Bxh3 36. Nxf8 Qg4 0-1

[Event "Miguel Najdorf Memorial 2010 Torneo B"]
[Site "Warszawa POL"]
[Date "2010.07.22"]
[Round "7.6"]
[White "Blank, Kamil"]
[Black "Szwaj, Jacek"]
[Result "1-0"]
[WhiteElo "1663"]
[BlackElo "1944"]
[PlyCount "132"]
[EventDate "2010.07.17"]
[EventType "swiss"]
[EventRounds "9"]
[EventCountry "POL"]
[Source "lmi"]
[SourceDate "2010.07.17"]

1. e4 c5 2. Nf3 d6 3. d4 cxd4 4. Nxd4 Nf6 5. Nc3 a6 6. a4 e5 7. Nf3 Be6 8. Ng5
Bg4 9. f3 Be6 10. Nxe6 fxe6 11. Bc4 Qc8 12. Bb3 Nc6 13. Be3 Na5 14. Ba2 Nc4 15.
Bxc4 Qxc4 16. Qe2 Qc6 17. O-O Be7 18. Kh1 O-O 19. Bg5 h6 20. Bh4 g5 21. Bf2 Rf7
22. Qe3 Nh5 23. Qb6 Qd7 24. Rad1 Rc8 25. a5 Nf4 26. Rd2 Rf6 27. Rfd1 Kg7 28.
Qb3 h5 29. Na4 Qc6 30. Nb6 Rc7 31. Na8 Rc8 32. Nb6 Rd8 33. Qc4 d5 34. Qxc6 bxc6
35. Nc4 Bd6 36. Nxd6 Rxd6 37. Bc5 Rd7 38. Ra1 Rb7 39. Bd6 Ng6 40. b3 Rff7 41.
exd5 exd5 42. Re2 Rf5 43. Rae1 Kf6 44. g4 hxg4 45. fxg4 Rf3 46. Bxe5+ Nxe5 47.
Rxe5 Rf1+ 48. Rxf1+ Kxe5 49. Rf5+ Kd4 50. Rxg5 Kc3 51. Rg6 Rc7 52. h4 Kxc2 53.
Rd6 Kxb3 54. g5 c5 55. Rxd5 c4 56. g6 c3 57. Rd3 Rc4 58. h5 Rh4+ 59. Kg2 Rxh5
60. g7 Rg5+ 61. Rg3 Rxg7 62. Rxg7 c2 63. Rc7 Kb2 64. Kf2 c1=Q 65. Rxc1 Kxc1 66.
Ke3 Kb2 1-0

[Event "Miguel Najdorf Memorial 2010 Torneo B"]
[Site "Warszawa POL"]
[Date "2010.07.22"]
[Round "7.7"]
[White "Mietek, Lukasz"]
[Black "Koziol, Pawel"]
[Result "1-0"]
[WhiteElo "1939"]
[BlackElo "1815"]
[PlyCount "61"]
[EventDate "2010.07.17"]
[EventType "swiss"]
[EventRounds "9"]
[EventCountry "POL"]
[Source "lmi"]
[SourceDate "2010.07.17"]

1. d4 Nf6 2. c4 c5 3. d5 e6 4. Nc3 exd5 5. cxd5 d6 6. e4 g6 7. Bd3 Bg7 8. Nge2
O-O 9. O-O Re8 10. Ng3 a6 11. a4 Nbd7 12. f4 c4 13. Bxc4 Nc5 14. e5 dxe5 15.
fxe5 Rxe5 16. Bf4 Re8 17. Qc2 Ng4 18. Rad1 Qh4 19. h3 Ne5 20. Be2 g5 21. Bxe5
Rxe5 22. Nf5 Bxf5 23. Rxf5 Rae8 24. Rdf1 Rxf5 25. Qxf5 Bd4+ 26. Kh1 f6 27. d6
Be5 28. Bd3 Rd8 29. Nd5 Nxd3 30. Nxf6+ Bxf6 31. Qe6+ 1-0

[Event "Miguel Najdorf Memorial 2010 Torneo B"]
[Site "Warszawa POL"]
[Date "2010.07.22"]
[Round "7.8"]
[White "Szewczyk, Mariusz"]
[Black "Rozowski, Marcin"]
[Result "0-1"]
[WhiteElo "1743"]
[BlackElo "1890"]
[PlyCount "154"]
[EventDate "2010.07.17"]
[EventType "swiss"]
[EventRounds "9"]
[EventCountry "POL"]
[Source "lmi"]
[SourceDate "2010.07.17"]

1. e4 c6 2. d4 d5 3. Nc3 dxe4 4. Nxe4 Nd7 5. Nf3 Ngf6 6. Bd3 Nxe4 7. Bxe4 Nf6
8. Bd3 Bg4 9. c3 e6 10. h3 Bh5 11. Bf4 Bd6 12. Bxd6 Qxd6 13. O-O O-O 14. g4 Bg6
15. Ne5 Bxd3 16. Qxd3 c5 17. Rfd1 h6 18. Qb5 b6 19. Rd3 Rac8 20. Re1 Nd5 21.
dxc5 Rxc5 22. Qd7 Qc7 23. Re4 Nf6 24. Qxc7 Rxc7 25. Rc4 Rxc4 26. Nxc4 Rc8 27.
Nd2 Kf8 28. c4 Ke7 29. f4 Nd7 30. Kf2 h5 31. b3 hxg4 32. hxg4 Rh8 33. Rg3 Nc5
34. b4 Rh2+ 35. Ke3 Rxd2 36. bxc5 Rxa2 37. Kd4 Rf2 38. Ke3 Rb2 39. Kd4 Kd7 40.
cxb6 Rxb6 41. Rh3 Kc6 42. Rh7 a5 43. Rxg7 Rb7 44. Rh7 a4 45. Rh3 Ra7 46. Ra3
Ra5 47. g5 Ra7 48. Ra1 a3 49. Ra2 Ra5 50. Kc3 Kc5 51. Kb3 Ra7 52. Kc3 Ra4 53.
Kb3 Rxc4 54. f5 exf5 55. Rxa3 Kd4 56. Ra7 Rc3+ 57. Kb2 Rg3 58. Rxf7 Rxg5 59.
Re7 Kd3 60. Re5 Rg2+ 61. Kc1 Rg1+ 62. Kb2 Rf1 63. Rd5+ Ke4 64. Rd8 f4 65. Kc2
Ke3 66. Re8+ Kf2 67. Kd2 f3 68. Re7 Ra1 69. Rg7 Ra5 70. Rf7 Rd5+ 71. Kc2 Ke2
72. Re7+ Kf1 73. Rg7 f2 74. Rg8 Ke2 75. Re8+ Kf3 76. Rf8+ Ke3 77. Rf7 Rd4 0-1

[Event "Miguel Najdorf Memorial 2010 Torneo B"]
[Site "Warszawa POL"]
[Date "2010.07.22"]
[Round "7.9"]
[White "Budzinski, Jan"]
[Black "Puszkarek, Kamil"]
[Result "1-0"]
[WhiteElo "1881"]
[BlackElo "1770"]
[PlyCount "55"]
[EventDate "2010.07.17"]
[EventType "swiss"]
[EventRounds "9"]
[EventCountry "POL"]
[Source "lmi"]
[SourceDate "2010.07.17"]

1. e4 c5 2. Nc3 e6 3. f4 Nc6 4. Nf3 Nge7 5. e5 d5 6. exd6 Nf5 7. Ne4 Bxd6 8.
Nxd6+ Qxd6 9. d3 b6 10. g4 Nfd4 11. Bg2 Bb7 12. Ne5 Qe7 13. O-O Nxe5 14. fxe5
Bxg2 15. Kxg2 O-O-O 16. c3 Qb7+ 17. Kg1 Nc6 18. Qe2 Rd5 19. Bf4 g5 20. Bg3 h5
21. gxh5 g4 22. Qxg4 Rdd8 23. Qg7 Rdf8 24. h6 Rhg8 25. Qf6 Rg6 26. Qxg6 fxg6
27. Rxf8+ Nd8 28. Bh4 1-0

[Event "Miguel Najdorf Memorial 2010 Torneo B"]
[Site "Warszawa POL"]
[Date "2010.07.22"]
[Round "7.11"]
[White "Jarmula, Lukasz"]
[Black "Kaniak, Justyna"]
[Result "1/2-1/2"]
[WhiteElo "1801"]
[BlackElo "1958"]
[PlyCount "89"]
[EventDate "2010.07.17"]
[EventType "swiss"]
[EventRounds "9"]
[EventCountry "POL"]
[Source "lmi"]
[SourceDate "2010.07.17"]

1. e4 e5 2. Nf3 Nc6 3. Bb5 f5 4. Nc3 Nf6 5. exf5 e4 6. Nh4 Bc5 7. O-O O-O 8. d3
exd3 9. Qxd3 Ne5 10. Qg3 Nf7 11. Be3 Be7 12. Rad1 c6 13. Bd3 d5 14. Nf3 c5 15.
Bc1 c4 16. Be2 Bxf5 17. Nd4 Bd7 18. b3 cxb3 19. cxb3 Rc8 20. Bb2 Bd6 21. Qe3
Re8 22. Qd2 Ne5 23. Nf3 Bc6 24. h3 Ng6 25. g3 a6 26. a3 Qc7 27. Kg2 Re7 28. Nd4
Be5 29. Nxc6 bxc6 30. f4 Bd6 31. Bf3 Kh8 32. Ne2 Rce8 33. Bxf6 gxf6 34. Qb2 Kg7
35. h4 Bc5 36. h5 Nf8 37. h6+ Kg8 38. Bh5 Rb8 39. Qxf6 Rxb3 40. Qg5+ Kh8 41.
Nd4 Bxd4 42. Rxd4 Ree3 43. Qf6+ Kg8 44. Qg5+ Kh8 45. Qf6+ 1/2-1/2

[Event "Miguel Najdorf Memorial 2010 Torneo B"]
[Site "Warszawa POL"]
[Date "2010.07.22"]
[Round "7.12"]
[White "Prominski, Piotr"]
[Black "Prazmowski, Bartosz"]
[Result "1-0"]
[WhiteElo "1795"]
[BlackElo "1893"]
[PlyCount "103"]
[EventDate "2010.07.17"]
[EventType "swiss"]
[EventRounds "9"]
[EventCountry "POL"]
[Source "lmi"]
[SourceDate "2010.07.17"]

1. e4 c6 2. d4 d5 3. exd5 cxd5 4. c4 Nf6 5. Nc3 e6 6. c5 Bd7 7. Nf3 b6 8. b4 a5
9. Na4 bxc5 10. bxc5 Bc6 11. Nb6 Ra7 12. Ne5 Nfd7 13. Nxc6 Nxc6 14. Bb5 Nxb6
15. Bxc6+ Nd7 16. Bf4 Be7 17. O-O O-O 18. Re1 Nb8 19. Bb5 Bg5 20. Bd6 Be7 21.
Bxe7 Qxe7 22. a4 Na6 23. Bxa6 Rxa6 24. Qd3 Raa8 25. Rab1 f6 26. f4 Rfd8 27. Rb6
Qd7 28. Qb5 Qc7 29. g3 e5 30. fxe5 fxe5 31. Rb7 Qc8 32. Rxe5 Qg4 33. Qd3 Re8
34. Ree7 Rxe7 35. Rxe7 Rb8 36. Re1 Rb4 37. Qe3 Qxd4 38. Qxd4 Rxd4 39. Rc1 Rb4
40. c6 Rb8 41. c7 Rc8 42. Kf2 Kf7 43. Ke3 Ke6 44. Kd4 Kd6 45. Rc5 Rxc7 46. Rxc7
Kxc7 47. Kxd5 Kb6 48. Kd6 g5 49. g4 h6 50. h3 Kb7 51. Kc5 Kc7 52. Kb5 1-0

[Event "Miguel Najdorf Memorial 2010 Torneo B"]
[Site "Warszawa POL"]
[Date "2010.07.22"]
[Round "7.13"]
[White "Smieszek, Wojciech"]
[Black "Wroblewski, Szymon"]
[Result "0-1"]
[WhiteElo "1652"]
[BlackElo "1847"]
[PlyCount "53"]
[EventDate "2010.07.17"]
[EventType "swiss"]
[EventRounds "9"]
[EventCountry "POL"]
[Source "lmi"]
[SourceDate "2010.07.17"]

1. e4 c5 2. Nf3 Nc6 3. d4 cxd4 4. Nxd4 Nf6 5. Nc3 e6 6. Nxc6 bxc6 7. e5 Nd5 8.
Ne4 Qb6 9. a3 Be7 10. c4 f5 11. cxd5 fxe4 12. d6 Bd8 13. b4 O-O 14. Be3 Qb8 15.
Qd4 Bb6 16. Qxe4 Bxe3 17. fxe3 a5 18. Bd3 g6 19. h4 Ba6 20. h5 Bxd3 21. Qxd3
Qb5 22. Qe4 Rf5 23. hxg6 Raf8 24. gxh7+ Kh8 25. Rd1 axb4 26. axb4 Rf2 27. Qd3
0-1

[Event "Miguel Najdorf Memorial 2010 Torneo B"]
[Site "Warszawa POL"]
[Date "2010.07.22"]
[Round "7.14"]
[White "Zajkowska, Olga"]
[Black "Rozycki, Bartlomiej"]
[Result "0-1"]
[WhiteElo "1844"]
[BlackElo "1748"]
[PlyCount "36"]
[EventDate "2010.07.17"]
[EventType "swiss"]
[EventRounds "9"]
[EventCountry "POL"]
[Source "lmi"]
[SourceDate "2010.07.17"]

1. d4 d5 2. c4 e6 3. Nc3 Nf6 4. cxd5 exd5 5. Bg5 Nbd7 6. e3 c6 7. Bd3 Bd6 8.
Nge2 O-O 9. Qc2 h6 10. Bh4 Re8 11. O-O Nf8 12. Rae1 Bxh2+ 13. Kxh2 Ng4+ 14. Kg3
g5 15. Bf5 gxh4+ 16. Kh3 Qg5 17. Bxc8 Raxc8 18. Nf4 Nxe3 0-1